| 000 | 00622nam a2200145Ia 4500 | ||
|---|---|---|---|
| 008 | 170221s9999 xx 000 0 und d | ||
| 100 | _aMubarak Aldosari | ||
| 245 | _aLinking Cooperative Health Insurance Service Characteristics to Expatriates’ Satisfaction: Mediating Role of Customer Knowledge | ||
| 245 | _cMubarak Aldosari, Yusnidah Ibrahim, Norlida Binti Abdul Manab, Ebrahim Mohammed Al-Matari, Eqab Aiyadh Alotaibi | ||
| 260 | _bInternational Review of Management and Marketing | ||
| 260 | _c2012 | ||
| 300 | _a: | ||
| 650 | _xMarketing. | ||
| 856 | _uhttp://www.econjournals.com/index.php/irmm/issue/view/88 | ||
| 999 |
_c314038 _d314038 |
||